世界の見方・考え方 : The Japanism
Saved in:
| Main Author: | |
|---|---|
| Format: | Book |
| Language: | Undetermined |
| Published: |
東京
講談社
1991
|
| Subjects: | |
| Tags: |
Add Tag
No Tags, Be the first to tag this record!
|
| Institutions: | Trung tâm Học liệu Trường Đại học Cần Thơ |
|---|
| LEADER | 00581nam a2200205Ia 4500 | ||
|---|---|---|---|
| 001 | CTU_85350 | ||
| 008 | 210402s9999 xx 000 0 und d | ||
| 082 | |a 338.95220 | ||
| 082 | |b O.38 | ||
| 100 | |a 大前研一(おおまえ けんいち) | ||
| 245 | 0 | |a 世界の見方・考え方 : | |
| 245 | 4 | |b The Japanism | |
| 245 | 0 | |c 大前研一 | |
| 260 | |a 東京 | ||
| 260 | |b 講談社 | ||
| 260 | |c 1991 | ||
| 650 | |a Japan,Japanese economy | ||
| 650 | |x Economic Conditions,Political economy | ||
| 904 | |i Ngoc | ||
| 980 | |a Trung tâm Học liệu Trường Đại học Cần Thơ | ||